| 000 -ლიდერი |
| ფიქსირებული სიგრძის საკონტროლო ველი |
01429nam a2200265Ia 4500 |
| 001 - საკონტროლო ნომერი |
| საკონტროლო ველი |
4025 |
| 003 - საკონტროლო ნომრის იდენტიფიკატორი |
| საკონტროლო ველი |
GE_BSU |
| 005 - ბოლო ოპერაციის თარიღი და დრო |
| საკონტროლო ველი |
20190522153149.0 |
| 008 - ფიქსირებული სიგრძის მონაცემთა ელემენტები - ზოგადი ინფორმაცია |
| ფიქსირებული სიგრძის საკონტროლო ველი |
181216s1992||||ge |||||||||||||| ||geo|| |
| 020 ## - წიგნის საერთაშორისო სტანდარტული ნომერი |
| International Standard Book Number |
55050120708 |
| 040 ## - კატალოგიზაციის წყარო |
| Transcribing agency |
GE_BSU |
| 041 ## - ენის კოდი |
| Language code of text/sound track or separate title |
geo |
| 080 ## - უნივერსალური ათობითი კლასიფიკაციის ინდექსი |
| Universal Decimal Classification number |
517.5(075.8)+517.2/3(075.8) ჯ-35 |
| 245 ## - ცნობა სათაურის შესახებ |
| Title |
ჯერადი ინტეგრალები. მწკრივები. კომპლექსური ცვლადის ფუნქციები (თეორია და ამოცანათა კრებული) |
| Remainder of title |
[სახელმძღვ. უმაღ. სასწ. სტუდ.] / |
| Statement of responsibility, etc |
ს.თოფურია ; ვ .ხოჭოლავა; მ. გაბიძაშვილი ; ნ.მაჭარაშვილი ; ს.თოფურიას რედ. |
| 264 ## - წარმოების, გამოცემის, დისტრიბუციის და სხვა ცნობები |
| გამოცემის, წარმოების, დისტრიბუციის... ადგილი |
თბილისი : |
| გამოცემის, წარმოების, დისტრიბუციის... სახელწოდება |
განათლება, |
| გამოცემის, წარმოების, დისტრიბუციის... თარიღი |
1992. |
| 300 ## - ფიზიკური აღწერა |
| Extent |
664 გვ .: |
| Dimensions |
22 სმ. |
| 653 ## - INDEX TERM--UNCONTROLLED |
| Uncontrolled term |
ჯერადი ინტეგრალები |
| 653 ## - INDEX TERM--UNCONTROLLED |
| Uncontrolled term |
მწკრივები |
| 653 ## - INDEX TERM--UNCONTROLLED |
| Uncontrolled term |
კომპლექსური ცვლადის ფუნქციები |
| 700 ## - ADDED ENTRY--PERSONAL NAME |
| Personal name |
ხოჭოლავა, ვ |
| 9 (RLIN) |
1493 |
| 700 ## - ADDED ENTRY--PERSONAL NAME |
| Personal name |
გაბიძაშვილი, მ |
| 9 (RLIN) |
1494 |
| 700 ## - ADDED ENTRY--PERSONAL NAME |
| Personal name |
მაჭარაშვილი, ს |
| 9 (RLIN) |
1503 |
| 700 ## - ADDED ENTRY--PERSONAL NAME |
| Personal name |
თოფურია, ს |
| Relator term |
რედაქციით |
| 9 (RLIN) |
1489 |
| 942 ## - ADDED ENTRY ELEMENTS (KOHA) |
| Koha item type |
წიგნი |
| Source of classification or shelving scheme |
|